00189 a2200085 450000100060000008200150000610000120002124500240003326000460005761685 a391.09 BAR aBarfoot aDiscovering costume aEnglandbUniversity of london pressc1961